Регионална библиотека "Любен Каравелов" - Русе

Classroom Interaction (Запис номер 37105)

MARC детайли
000 -Лидер
Контролно поле с фиксирана дължина 00785nam a2200265 c 4500
003 - Код на организацията, давaща контролен номер
Контролно поле BLK
005 - Дата и час на последна редакция
Контролно поле 20180420220950.0
008 - Елементи от данни с фиксирана дължина
fixed length control field 180408b bul|||||r ||||||| ||bul||
010 ## - Наследен системен номер
LC control number KNG00040227000
020 ## - Международен стандартен номер на книга ISBN
Международен стандартен номер на книга ISBN 0-19-437131-X
-- издат.: Oxford Univ. Press
040 ## - Източник на каталожния запис
Идентификатор на билиотеката - собственик на записа BLK
041 ## - Код за език
Код за езика на текст/звукозапис или на отделно заглавие Английски
Код за езика КДБФ Английски
080 ## - УДК
Текстов определител УДК Езиково обучение
УДК код - определител по УДК 81:37
УДК определител (072)
УДК - код + определител 81:37(072)
100 1# - Редна дума - Автор
Автор Malamah-Thomas, Ann
Авторска отговорност първи автор
R(LIN) 17636
139 ## - Редно поле
Редна дума Malamah-Thomas, Ann
Авторски знак
245 10 - Сведения за заглавието
Заглавие Classroom Interaction
Редно поле (дума) Ann Malamah-Thomas.
260 ## - Област на издателските данни
-- Oxford
Име на издателя, разпространителя и проч. Oxford Univ. Press
Година на издаване 1991
300 ## - Физическа характеристика
Страници X c., 153 c.
Размери/Мащаб 24 cm
490 1# - СЕРИИ (Колекции)
Име на серия Language teaching
852 ## - Местоположение
Форматна сигнатура Цб 169911
856 4# - Електронен адрес и достъп
Електронен формат pdf - файл
Път до файла /url/
856 4# - Електронен адрес и достъп
Електронен формат pdf - файл
Път до файла /url/
942 ## - АРТИКУЛИ
Вид на библиотечния материал Книги
Скрит в OPAC Не
944 ## - СЪЗДАВАНЕ И РЕДАКЦИЯ на ЗАПИСА
Създаване/Редакция Създаване
Дата на регистрацията/редакция 15.01.2003
Служител, извършил регистрацията/редакцията AB_DOS
944 ## - СЪЗДАВАНЕ И РЕДАКЦИЯ на ЗАПИСА
Създаване/Редакция Редакция
Дата на регистрацията/редакция 15.01.2003
Служител, извършил регистрацията/редакцията
999 ## - СИСТЕМНИ КОНТРОЛНИ НОМЕРА
Koha biblionumber 37105
Koha biblioitemnumber 37105
Наличности
Код за отписване Код за изгубен артикул Код за повреда Коз за рестрикции Код за отдаване Артикулен № Име на библиотеката - собственик Име на библиотеката, в която се намира в момента Статус (Текущо местоположение) Дата на вписване в системата Местоположение - отдел Цена в лева Инвентарен номер Систематично азбучна сигнатура Баркод Номер на екземпляра Цена в евро Служебна бележка Служебен тип на артикула
  Не е изгубен Не е повреден без рестрикции заемане за дома 58300 Регионална библиотека "Любен Каравелов" Русе Регионална библиотека "Любен Каравелов" Русе ЧЧЗО - англ. ез. - Британски съвет 2001-01-01 ЧЧЗО - англ. ез. - Британски съвет 0.00 572155 Ч3 800/M 21 572155 1 0.00 Дата инв: 18.03.2015 Бележки инв: Ч32015 Книги
  Не е изгубен Не е повреден без рестрикции заемане за дома 58301 Регионална библиотека "Любен Каравелов" Русе Регионална библиотека "Любен Каравелов" Русе ЧЧЗО - англ. ез. - Британски съвет 2001-01-01 ЧЧЗО - англ. ез. - Британски съвет 0.00 572156 Ч3 800/M21 572156 2 0.00 Дата инв: 18.03.2015 Бележки инв: Ч32015 Книги
Vip Innovations Ltd, Rousse, Bulgaria 2025